Del conocimiento de la microeconomía a las decisiones / (Registro nro. 8350)
[ vista simple ]
| 000 -LEADER | |
|---|---|
| fixed length control field | 01328nam a2200277Ia 4500 |
| 003 - CONTROL NUMBER IDENTIFIER | |
| control field | OSt |
| 005 - DATE AND TIME OF LATEST TRANSACTION | |
| control field | 20210818094958.0 |
| 008 - FIXED-LENGTH DATA ELEMENTS--GENERAL INFORMATION | |
| fixed length control field | 210310s2007 ck ad gr 000 0 spa d |
| 020 ## - INTERNATIONAL STANDARD BOOK NUMBER | |
| International Standard Book Number | 9789581202416 |
| 040 ## - CATALOGING SOURCE | |
| Original cataloging agency | CO-JMCR |
| Transcribing agency | CO-JMCR |
| 041 0# - LANGUAGE CODE | |
| Language code of text/sound track or separate title | spa |
| 082 04 - DEWEY DECIMAL CLASSIFICATION NUMBER | |
| Classification number | 338.5 / |
| Item number | P436d |
| Edition number | 23 |
| 100 1# - MAIN ENTRY--PERSONAL NAME | |
| Personal name | Pereira Villa, Catherine, |
| 9 (RLIN) | 17014 |
| Relator term | autora |
| 245 10 - TITLE STATEMENT | |
| Title | Del conocimiento de la microeconomía a las decisiones / |
| Statement of responsibility, etc. | Catherine Pereira Villa, Ignacio Gómez Roldán |
| 250 ## - EDITION STATEMENT | |
| Edition statement | Primera edición |
| 260 ## - PUBLICATION, DISTRIBUTION, ETC. | |
| Place of publication, distribution, etc. | Bogotá : |
| Name of publisher, distributor, etc. | Universidad de La Sabana, |
| Date of publication, distribution, etc. | 2007 |
| 300 ## - PHYSICAL DESCRIPTION | |
| Extent | 93 páginas : |
| Other physical details | ilustraciones y gráficas a blanco y negro ; |
| Dimensions | 24 cm. |
| 490 0# - SERIES STATEMENT | |
| Series statement | Notas de Clase |
| 504 ## - BIBLIOGRAPHY, ETC. NOTE | |
| Bibliography, etc. note | Bibliografía: página 93 |
| 505 0# - FORMATTED CONTENTS NOTE | |
| Formatted contents note | Explicación matemática de las funciones -- Funciones de oferta y demanda -- Excedentes del consumidor y del productor -- Elasticidad -- Ejercicios prácticos de oferta y demanda - El concepto de marginalidad y el uso de la derivada -- Ejercicios de maximización -- Ejercicios de maximización y elasticidad -- Decisiones de precios |
| 650 14 - SUBJECT ADDED ENTRY--TOPICAL TERM | |
| Topical term or geographic name entry element | Oferta y demanda |
| 9 (RLIN) | 17016 |
| General subdivision | Problemas, ejercicios, etc. |
| 650 24 - SUBJECT ADDED ENTRY--TOPICAL TERM | |
| Topical term or geographic name entry element | Microeconomía |
| General subdivision | Toma de decisiones |
| 9 (RLIN) | 39446 |
| 650 24 - SUBJECT ADDED ENTRY--TOPICAL TERM | |
| Topical term or geographic name entry element | Microeconomía |
| General subdivision | Problemas, ejercicios, etc. |
| 9 (RLIN) | 39447 |
| 700 1# - ADDED ENTRY--PERSONAL NAME | |
| Personal name | Gómez Roldán, Ignacio, |
| Relator term | autor |
| 9 (RLIN) | 39448 |
| 942 ## - ADDED ENTRY ELEMENTS (KOHA) | |
| Source of classification or shelving scheme | Dewey Decimal Classification |
| Koha item type | Books |
| Withdrawn status | Lost status | Source of classification or shelving scheme | Damaged status | Not for loan | Collection code | Home library | Current library | Date acquired | Source of acquisition | Total Checkouts | Full call number | Barcode | Date last seen | Date last checked out | Copy number | Koha item type |
|---|---|---|---|---|---|---|---|---|---|---|---|---|---|---|---|---|
| Dewey Decimal Classification | Non-fiction | Biblioteca Pública José María del Castillo y Rada | Biblioteca Pública José María del Castillo y Rada | 04/15/2018 | Donación | 2 | 338.5 / P436d | 430006290 | 05/16/2024 | 03/07/2023 | Ej.1 | Books |